00578nam a2200145 4500008004100000020001500041082001700056110003200073245010700105260006400212300005000276650003600326650004900362650002100411240105b |||||||| |||| 00| 0 eng d a9558708903 a330.954bINS aInstitute of Policy Studies aSri Lanka state of the economy 2015:beconomic reforms; political economy and institutional challenges aColombo:b Institute of Policy Studies of Sri Lanka, c2015 a 205, xxv p. : ill. (black and white) ; 26 cm aEconomic forecasting- Sri Lanka aSri Lanka -Economic conditions- 21st century aEconomic history